Čo ovplyvňuje reakciu ekonomiky pri fiškálnej konsolidácii?

Bibliographic Details
Main Author: Zeleňák, Karol (Author)
Format: Article
Language:Slovak

MARC

LEADER 00000nab a2200000 a 4500
001 vtls011126600
003 SK-MaSNL
005 20260304030201.0
008 250310|2012 xo |||||||||||||||||slo|
015 |a SNBRB 
035 |a (uuid)6dcfe019-e1ac-4a8f-87e6-f7278d5d3f49 
035 |a (urnnbn)urn:nbn:sk:snk:ar-a09f37 
035 |a urn:nbn:sk:snk-aba3vc 
040 |a SNKBUCL  |b slo  |c SNKBUCL  |e AACR2 
041 0 |a slo 
044 |a xo  |c SK 
100 1 |a Zeleňák, Karol  |4 aut  |9 1308326 
245 1 0 |a Čo ovplyvňuje reakciu ekonomiky pri fiškálnej konsolidácii?  |c Karol Zeleňák 
773 0 |t Finančný manažér : štvrťročník Slovenskej asociácie podnikových finančníkov  |g Roč. 12, č. 3 (2012), s. 10-13 
958 |a OND 
958 |a EUIPO 
958 |a article13 
999 |c 2632289  |d 2634219